|
|
|
|
| LEADER |
00837cam a2200241 7i4500 |
| 001 |
0000027112 |
| 005 |
20170218090000.0 |
| 008 |
090429 eng |
| 020 |
|
|
|a 9780470131138
|
| 040 |
|
|
|a DLC
|
| 090 |
0 |
0 |
|a TR860
|b .L375 2007
|
| 100 |
1 |
|
|a Larson, Lisa
|
| 245 |
1 |
0 |
|a Flash video for professionals :
|b expert techniques for integrating video on the Web
|c Lisa Larson and Rene'e Costantini.
|
| 260 |
|
|
|a Indianapolis:
|b Wiley,
|c 2007.
|
| 300 |
|
|
|a xxi, 362 p.:
|b ill.;
|c 23 cm.
|
| 440 |
|
0 |
|a Sybex serious skills
|
| 500 |
|
|
|a Includes index
|
| 650 |
0 |
0 |
|a Webcasting
|
| 650 |
0 |
0 |
|a Digital video
|
| 650 |
0 |
0 |
|a Web sites --
|x Design
|
| 700 |
1 |
|
|a Costantini, Rene'e
|
| 997 |
|
|
|a Communication, Visual Art & Computing, Faculty
|b Visual Art, Department
|
| 999 |
|
|
|a 0000025210
|b BOK
|c OPEN SHELF
|e 2nd Floor, Bestari Jaya
|